German World Cup Squad 2022 - Statistics

General Stats
  • This quiz has been taken 37 times
  • The average score is 20 of 26
Answer Stats
Position Club Player % Correct
GK Bayern Munich Manuel Neuer
97%
GK FC Barcelona Marc-André ter Stegen
97%
FW Bayern Munich Leroy Sané
94%
FW Bayern Munich Serge Gnabry
94%
FW Bayern Munich Thomas Müller
94%
DF Real Madrid Antonio Rüdiger
91%
MF Manchester City Ilkay Gündogan
88%
MF FC Chelsea Kai Havertz
88%
MF Bayern Munich Joshua Kimmich
85%
GK Eintracht Frankfurt Kevin Trapp
85%
MF Bayern Munich Leon Goretzka
85%
MF Bayern Munich Jamal Musiala
79%
DF Borussia Dortmund Niklas Süle
79%
MF Eintracht Frankfurt Mario Götze
74%
FW Werder Bremen Niclas Füllkrug
71%
DF Borussia Dortmund Nico Schlotterbeck
71%
DF SC Freiburg Matthias Ginter
68%
DF RB Leipzig David Raum
62%
MF Borussia Mönchengladbach Jonas Hofmann
62%
DF RB Leipzig Lukas Klostermann
59%
DF West Ham United Thilo Kehrer
59%
FW Borussia Dortmund Youssoufa Moukoko
59%
DF SC Freiburg Christian Günter
56%
MF Borussia Dortmund Julian Brandt
56%
DF FC Southampton Armel Bella Kotchap
50%
FW Borussia Dortmund Karim Adeyemi
47%
No matching quizzes found
Score Distribution
Percent of People with Each Score
Percentile by Number Answered
Your Score History
You have not taken this quiz